Pensadores católicos contemporáneos /

Esta obra compuesta por dos volúmenes recopila diversos textos de intelectuales y filósofos católicos sobre diversos temas de la teología católica. En este primer volumen se aborda el tema de Dios; El hombre y La iglesia. El segundo tomo se compone de El orden político; La historia; La religión y cu...

Deskribapen osoa

Gorde:
Xehetasun bibliografikoak
Egile nagusia: Caponigri, A. Robert (comp. y pról.) (autor)
Beste egile batzuk: D'Arcy, Martin Cyril (introducción) (introducción), Alvarez Bolado, Alfonso (traducción y presentación) (traducción y presentación)
Formatua: Liburua
Hizkuntza:gaztelania
Argitaratua: Barcelona, España : Grijalbo, 1964, c1964
Saila:(Pensamiento e Historia)
Gaiak:
Etiketak: Etiketa erantsi
Etiketarik gabe, Izan zaitez lehena erregistro honi etiketa jartzen!

MARC

LEADER 00000nam^a2200000^a^4500
001 000154760
005 20250521000000.0
009 20260310100404.977
037 |a Acervo ITESO - Biblioteca 
041 |a ESP 
082 |a 230.  |b CAP V. 1 
100 |a Caponigri, A. Robert (comp. y pról.)  |e (autor) 
245 1 0 |a Pensadores católicos contemporáneos /  |c Comp. y pról. de A.R. Caponigri ; introd. de M.C. D'Arcy ; presen. y tr. por A. Alvarez Bolado. 
264 4 |a Barcelona, España :  |b Grijalbo,  |c 1964, c1964 
300 |a XXV, 514 p. 
336 |a texto  |b txt  |2 rdacontenido 
337 |a sin mediación  |b n  |2 rdamedio 
338 |a volumen  |b nc  |2 rdasoporte 
440 1 |a (Pensamiento e Historia) 
500 |a Traducción de: Modern Catholic Thinkers 
520 |a Esta obra compuesta por dos volúmenes recopila diversos textos de intelectuales y filósofos católicos sobre diversos temas de la teología católica. En este primer volumen se aborda el tema de Dios; El hombre y La iglesia. El segundo tomo se compone de El orden político; La historia; La religión y cultura y Testimonios. 
649 |a XX 
650 |a Intelectuales 
650 |a Filósofos 
650 |a Dios 
650 |a Vida 
650 |a Muerte 
650 |a Inconsciente 
650 |a Libertad 
650 |a Interacción Social 
650 |a Eucaristía 
650 |a Misa 
650 |a Iglesia Católica -  |x Miembros 
650 |a Teología Práctica 
650 |a Catolicismo 
650 |a Religión 
650 |a Iglesia Católica 
700 |a D'Arcy, Martin Cyril  |e (introducción) 
700 |a Alvarez Bolado, Alfonso  |e (traducción y presentación) 
910 |a Fondo General 
920 |a Impresos - Libros 
930 |a Colección General 
905 |a 101 
901 |a 0500086528  |b IT1  |c ACC  |u 20250521 
902 |a https://opac.biblio.iteso.mx/vufind/Record/000154760